Normal view
MARC view
- Nuclear Deterrence during Cold War
Entry Topical Term
001 - CONTROL NUMBER
- control field: 91155
003 - CONTROL NUMBER IDENTIFIER
- control field: NUST
005 - DATE AND TIME OF LATEST TRANSACTION
- control field: 20220421131044.0
008 - FIXED-LENGTH DATA ELEMENTS
- fixed length control field: 220421|| aca||aabn | a|a d
040 ## - CATALOGING SOURCE
- Original cataloging agency: NUST
- Transcribing agency: NUST
150 ## - HEADING--TOPICAL TERM
- Topical term or geographic name entry element: Nuclear Deterrence during Cold War
670 ## - SOURCE DATA FOUND
- Source citation: Work cat.: (NUST): Yamin, Tughral 1533, The Evolution of Nuclear Deterrence in South Asia, 2014
